000 00913nam a2200277Ia 4500
001 Z_780
003 CHAP
008 220113s1990 xx 000 0 und d
010 _a163874
040 _cCHAP
090 _aTesis C 647
100 _aCruz Santiago, Abdil
_929584
245 _aManejo de cortes y momento óptimo de cosecha en la producción de semilla de alfalfa (Medicago sativa L.) /
_cpor Abdi Cruz Santiago, Rafael Rubio Murillo y Cuauhtémoc Sánchez López
260 _aChapingo, Méx. :
_bEl autor,
_c1990
300 _a93 h. , cuad.
502 _aTesis (Ing. Agr. Esp. en Zootecnia) -- UACH. Departamento de Zootecnia
650 _aAlfalfa como forraje
_93899
650 _aAlfalfa
_xSemilla
_93888
700 _aSánchez López, Cuauhtémoc II.Rubio Murillo, Rafael
_9137917
901 _aTESIS C 647
902 _aM
910 _a1990
942 _c2
942 _c2
999 _c163874
_d163874